000 01859ngm a22002890a 4500
001 PT28320
003 AR-LpoUNG
005 20210202000419.0
007 vd cvaizq
008 191001suuuu||||ag |||||||||||||||||spa d
037 _c$11,25
040 _aAR-LpoUNG
_bspa
_cAR-LpoUNG
_eaacr
041 _aspa
082 0 _a305.56 972rau
100 1 _aMurúa, Lautaro
_edir.
245 1 3 _aLa Raulito
260 _aBuenos Aires :
_bBlackman,
_cs.f.
300 _aDVD : son., col.
505 0 _aHecha en 1975. - Guión: José María Paolantonio según el libro televisivo de Juan Carlos Gené y Martha Mercader; fotografía, Miguel Rodríguez; montaje, Jorge Valencia, Carlos Márquez y Silvia Barrilli; música, Roberto Lar; ayudante de producción, Diana Frey; investigación, Carlos Aznare; Escenografía, Germen Gelpi. - Elenco: Marilina Ross, Duilio Marzio, María Vaner, Luis Politti, Fernanda Mistral, Jorge Martínez, Virginia Lago, Ana María Picchio, Adriana Aizemberg, Anita Larronde, Juanita Lara
520 _aLa película relata un caso real, de una hincha del club de fútbol Boca Juniors de Buenos Aires, querida por la barra del club, de nombre María Esther Duffau. La Raulito es una niña de la calle, en Buenos Aires. que adopta la identidad de un varón para sobrevivir. El film toma un momento de su vida, ya adolescente, deambulando entre el reformatorio para delincuentes juveniles, la cárcel y el hospital neuropsiquiátrico. Raulito escapa y encuentra refugio y trabajo como "canillita" de un diariero de la estación Constitución (Luis Politti). También conoce a otro niña/niño de la calle, Medio Pollo (Juanita Lara) que se vuelve su mejor amigo/a. Ambos terminan escapando a Mar del Plata.
651 4 _aArgentina
653 _aCINE ARGENTINO
653 _aDVD
653 _aVIDEOS
905 _a28320
942 _cDVD
999 _c54812
_d54812